000 00567nam a2200193Ia 4500
003 GCL
008 140319s9999 xx 000 0 ara d
040 _aGCL /
_cGCL
082 0 4 _a550
_bم خ
100 1 _aمراد ابراهيم يوسف
245 1 0 _aالخرائط الجيولوجية /
_cمراد ابراهيم يوسف
700 1 _aمحمد يوسف حسن
300 _a84 ص
490 _a
650 0 4 _aالخرائط الطبوغرافية
650 0 4 _aالرسم البيانى
650 0 4 _aالجيولوجيا - خرائط
942 _2ddc
_cBK
999 _c37755
_d37755